[Event "London"]
[Site "London"]
[Date "1996.??.??"]
[Round "3"]
[White "Whiteley, Andrew Jonathan"]
[Black "Martin, Benjamin"]
[Result "1-0"]
[WhiteElo "2295"]
[BlackElo "2375"]
[PlyCount "67"]
[EventDate "1996.??.??"]
[EventType "tourn"]
[EventRounds "9"]
[EventCountry "ENG"]
[SourceTitle "EXT 1998"]
[Source "ChessBase"]
[SourceDate "1997.11.17"]
[SourceVersion "1"]
[SourceVersionDate "1997.11.17"]
[SourceQuality "1"]

1. d4 Nf6 2. c4 e6 3. g3 Bb4+ 4. Bd2 Qe7 5. Nf3 b6 6. Bg2 Bb7 7. 0-0 Bxd2 8. Qxd2 c5 9. Nc3 cxd4 10. Nxd4 Bxg2 11. Kxg2 0-0 12. Ndb5 Qc5 13. b3 d5 14. cxd5 Nxd5 15. Rac1 Nxc3 16. Nxc3 Na6 17. Rfd1 h6 18. Ne4 Qb5 19. Rc4 Qe5 20. Qd6 Qb2 21. Rd2 Qb1 22. Qa3 b5 23. Nc3 Qf5 24. Rc6 b4 25. Qxa6 bxc3 26. Rxc3 Qe4+ 27. f3 Qe5 28. Rdc2 Rfd8 29. Rc7 Rd1 30. Rxa7 Rxa7 31. Qxa7 Qa1 32. Qf2 Qb1 33. e3 h5 34. Rc8+ 1-0

[Event "London SCCU op"]
[Site "London"]
[Date "1995.08.??"]
[Round "7"]
[White "Costello, Colin"]
[Black "Whiteley, Andrew Jonathan"]
[Result "0-1"]
[WhiteElo "2115"]
[BlackElo "2375"]
[PlyCount "90"]
[EventDate "1995.08.14"]
[EventType "swiss"]
[EventRounds "9"]
[EventCountry "ENG"]
[SourceTitle "EXT 1999"]
[Source "ChessBase"]
[SourceDate "1998.11.16"]
[SourceVersion "1"]
[SourceVersionDate "1998.11.16"]
[SourceQuality "1"]

1. c4 Nf6 2. Nc3 g6 3. g3 Bg7 4. Bg2 0-0 5. Nf3 d5 6. cxd5 Nxd5 7. 0-0 Nb6 8. d3 Nc6 9. Be3 h6 10. Rc1 e5 11. Na4 Nd4 12. Nc5 c6 13. Bd2 Nd5 14. e3 Nxf3+ 15. Bxf3 b6 16. Ne4 c5 17. Qb3 Be6 18. Qa3 Re8 19. Nc3 a5 20. Nb5 Qd7 21. Qa4 Rad8 22. Rfd1 Nc7 23. Nc3 Qxd3 24. Bc6 Rf8 25. Qh4 Qf5 26. Ne4 g5 27. Qh5 Qg4 28. Qxg4 Bxg4 29. f3 Bxf3 30. Nf6+ Bxf6 31. Bxf3 Rd6 32. Bc3 Rfd8 33. Rxd6 Rxd6 34. Kf2 e4 35. Bxe4 Bxc3 36. Rxc3 Rd2+ 37. Kf3 Rxb2 38. Rd3 Rxa2 39. Rd6 Rb2 40. Rxh6 Ne6 41. Kg4 Rb4 42. Kf5 Kg7 43. Rh5 Rb3 44. Bd5 Rxe3 45. Bxe6 fxe6+ 0-1

[Event "London SCCU op"]
[Site "London"]
[Date "1995.08.??"]
[Round "6"]
[White "McMahon, Daire"]
[Black "Whiteley, Andrew Jonathan"]
[Result "1/2-1/2"]
[WhiteElo "2240"]
[BlackElo "2375"]
[PlyCount "67"]
[EventDate "1995.08.14"]
[EventType "swiss"]
[EventRounds "9"]
[EventCountry "ENG"]
[SourceTitle "EXT 1999"]
[Source "ChessBase"]
[SourceDate "1998.11.16"]
[SourceVersion "1"]
[SourceVersionDate "1998.11.16"]
[SourceQuality "1"]

1. d4 Nf6 2. c4 g6 3. Nc3 Bg7 4. e4 d6 5. Be2 0-0 6. Bg5 Nbd7 7. Qd2 c6 8. Bd1 e5 9. d5 cxd5 10. cxd5 Nc5 11. Bc2 a5 12. Nge2 a4 13. 0-0 Qa5 14. f3 Bd7 15. Nc1 Rfc8 16. Nd3 Nxd3 17. Bxd3 a3 18. Nd1 Bb5 19. b4 Qa6 20. Bxb5 Qxb5 21. Ne3 Nd7 22. Rfc1 f6 23. Bh4 Bh6 24. Bf2 Nb6 25. Rxc8+ Rxc8 26. Rc1 Rxc1+ 27. Qxc1 Qxb4 28. Qc7 Bxe3 29. Qd8+ Kf7 30. Qc7+ Ke8 31. Qb8+ Ke7 32. Qxb7+ Kd8 33. Qb8+ Ke7 34. Qb7+ 1/2-1/2

[Event "Copenhagen3"]
[Site "Copenhagen"]
[Date "1995.??.??"]
[Round "5"]
[White "Andersen, Jackie"]
[Black "Whiteley, Andrew Jonathan"]
[Result "1/2-1/2"]
[WhiteElo "2285"]
[BlackElo "2375"]
[PlyCount "68"]
[EventDate "1995.??.??"]
[EventType "schev"]
[EventRounds "9"]
[EventCountry "DEN"]
[SourceTitle "EXT 1997"]
[Source "ChessBase"]
[SourceDate "1996.11.15"]
[SourceVersion "1"]
[SourceVersionDate "1996.11.15"]
[SourceQuality "1"]

1. d4 d5 2. Bg5 h6 3. Bh4 Nd7 4. e3 Ngf6 5. c4 e6 6. Nc3 Be7 7. cxd5 Nxd5 8. Bxe7 Qxe7 9. Nxd5 exd5 10. Bd3 Qb4+ 11. Qd2 Qxd2+ 12. Kxd2 Nf6 13. Nf3 Be6 14. Rhc1 Kd7 15. b4 a6 16. Rc2 Ne4+ 17. Bxe4 dxe4 18. Ne5+ Kd6 19. Rac1 c6 20. a4 f6 21. Nc4+ Bxc4 22. Rxc4 Rhd8 23. Rc5 Rd7 24. Kc3 b6 25. Rh5 a5 26. bxa5 Rxa5 27. Rxa5 bxa5 28. Kb3 Rb7+ 29. Ka3 g6 30. g4 Rf7 31. Rc5 f5 32. gxf5 Rxf5 33. Rxf5 gxf5 34. Kb3 Kd5 1/2-1/2